Le vert-galant (Record no. 141969)

MARC details
000 -LEADER
campo de control de longitud fija 00562nam a2200169 i 4500
001 - NÚMERO DE CONTROL
campo de control 141969
003 - IDENTIFICADOR DE NÚMERO DE CONTROL
campo de control ES-MaACL
005 - FECHA Y HORA DE LA ÚLTIMA TRANSACCIÓN
campo de control 20230906200419.0
007 - CAMPO FIJO DE DESCRIPCIÓN FÍSICA--INFORMACIÓN GENERAL
campo de control de longitud fija t|
008 - DATOS DE LONGITUD FIJA--INFORMACIÓN GENERAL
campo de control de longitud fija 071001s1935 fr ||||1| fre d
100 1# - ENTRADA PRINCIPAL--NOMBRE DE PERSONA
Nombre de persona Vioux, Marcelle.
9 (RLIN) 115422
245 13 - MENCIÓN DEL TÍTULO
Título Le vert-galant
Resto del título : vie heroïque et amoureuse de Henri IV : illustré par le fac-similé de portraits et tableaux historique /
Mención de responsabilidad, etc. Marcelle Vioux.
260 ## - PUBLICACIÓN, DISTRIBUCIÓN, ETC.
Lugar de publicación, distribución, etc. Paris :
Nombre del editor, distribuidor, etc. Fasquelle,
Fecha de publicación, distribución, etc. 1935.
300 ## - DESCRIPCIÓN FÍSICA
Extensión 320 p. ;
Dimensiones 19 cm.
600 04 - PUNTO DE ACCESO ADICIONAL DE MATERIA--NOMBRE DE PERSONA
Nombre de persona Enrique
Numeración IV
Títulos y otros términos asociados al nombre Rey de Francia.
9 (RLIN) 47271
852 ## - LOCALIZACIÓN
Ubicación ES-MaACL
Número de control de estantería A-3455
Holdings
Estatus retirado Estado de pérdida Estado de daño No para préstamo Biblioteca de origen Biblioteca actual Ubicación en estantería Fecha de adquisición Fuente de adquisición Total de préstamos Signatura topográfica completa Código de barras Visto por última vez Precio de reemplazo Tipo de ítem Koha
        Biblioteca del Ateneo de Madrid Biblioteca del Ateneo de Madrid Sala Pecera Planta 1 17/01/2008     A-3455 1147720 23/02/2023 23/02/2023 Libro impreso